Govt. of
Madhya Pradesh

Secret History Of Selection of Supreme Court Judges (Record no. 66568)

MARC details
000 -LEADER
fixed length control field 00276nam a22001097a 4500
082 ## - DEWEY DECIMAL CLASSIFICATION NUMBER
Classification number 340/SIN
100 ## - MAIN ENTRY--AUTHOR NAME
Personal name Singh,Pavneet
245 ## - TITLE STATEMENT
Title Secret History Of Selection of Supreme Court Judges
260 ## - PUBLICATION, DISTRIBUTION, ETC. (IMPRINT)
Place of publication New Delhi
Name of publisher Unique Publishers
Year of publication 2023
650 ## - SUBJECT ADDED ENTRY--TOPICAL TERM
Topical Term Law
942 ## - ADDED ENTRY ELEMENTS (KOHA)
Koha item type Books
Holdings
Withdrawn status Lost status Damaged status Not for loan Home library Current library Date acquired Cost, normal purchase price Full call number Accession Number Price effective from Koha item type
        MACL MACL 04/01/2024 185.00 340/SIN DPI001957 04/01/2024 Books